Normal view
MARC view
- Fairness
Entry Topical Term
001 - CONTROL NUMBER
- control field: 83455
003 - CONTROL NUMBER IDENTIFIER
- control field: NUST
005 - DATE AND TIME OF LATEST TRANSACTION
- control field: 20211027135730.0
008 - FIXED-LENGTH DATA ELEMENTS
- fixed length control field: 211027|| aca||aabn | a|a d
040 ## - CATALOGING SOURCE
- Original cataloging agency: NUST
- Transcribing agency: NUST
150 ## - HEADING--TOPICAL TERM
- Topical term or geographic name entry element: Fairness
670 ## - SOURCE DATA FOUND
- Source citation: Work cat.: (NUST)0: Rawls, John, 1921-2002. 81067, Justice as fairness :, 2001.
